000
00246nam a2200085Ia 4500
008
220120s9999||||xx |||||||||||||| ||und||
100
_a
Amrutha
_9
12170
245
0
_a
Bluetooth based dataloger
260
_a
Coorg Institute of Technology
_b
Ponnampet
_c
2009
999
_c
137756
_d
137756